000 00522nam a22001937a 4500
999 _c252691
_d252690
003 OSt
005 20181024102948.0
008 160301b xxu||||| |||| 00| 0 eng d
010 _a2002111895
020 _a0030294444
040 _cN/A
050 _aQA152.3 .M45 2003
100 _aCharles P. McKeague
245 _aBeginning algebra : a text / workbook
250 _a6th ed.
260 _aPACIFIC GROVE
_bTHOMSON-BROOKS/COLE
_cc2003
300 _av,various pagings
_bill,(some col)
_c28cm+CD-ROM
942 _2lcc
_cBK